| 000 | 00888nam a2200241 a 4500 | ||
|---|---|---|---|
| 001 | 001198532 | ||
| 003 | AM-YeHGA | ||
| 005 | 20250618075742.0 | ||
| 008 | 161226s2016 ai o||||r|||||||||1|arm|d | ||
| 020 | _a9789939519715 | ||
| 040 | _aAM-YeHGA | ||
| 041 | 0 | _aarm | |
| 100 | 1 |
_aՀարենց, Էդուարդ, _d1981- _94088 |
|
| 245 | 1 | 0 |
_aԽազագրումներ ըստ Ծնեբեկի : _b[Բանաստեղծություններ] / _cԷ. Հարենց ; Խմբ.՝ Հակոբ Մովսես ; [Լուսանկ.՝ Ա. Հայրապետյան]. |
| 260 |
_aԵրևան : _bԱնտարես, _c2016. |
||
| 300 |
_a201 էջ : _bլուսանկ. ; _c20 սմ. |
||
| 650 | 1 | 4 | _aՀայ պոեզիա |
| 700 | 0 |
_aՀակոբ Մովսես, _d1952- _eխմբ. _4edt _91354 |
|
| 700 | 1 |
_aՀայրապետյան, Անահիտ _eլուսանկ. _4pht |
|
| 901 | _aNLAACHK | ||
| 942 |
_2udc _cBK |
||
| 090 | _c496016 | ||
| 999 |
_c492638 _d492638 |
||